| 000 | 00399nam a22001577a 4500 | ||
|---|---|---|---|
| 020 | _a9780764137013 | ||
| 082 | _a378.1664 WOL | ||
| 100 | _aWolf, Ira K. | ||
| 245 | _aBarron's SAT Subkect Test: Math Level-1 | ||
| 250 | _a2nd | ||
| 260 |
_aRawalpindi _bJahangir Books _c2010 |
||
| 300 | _aiv, 379 p. | ||
| 500 | _aIncludes index | ||
| 650 | _aSAT (Educational test)--Mathematics | ||
| 942 | _cBK | ||
| 999 |
_c491110 _d491110 |
||